MARC details
| 000 -CABECERA |
| campo de control de longitud fija |
00970nam a2200289 a 4500 |
| 001 - NÚMERO DE CONTROL |
| campo de control |
000024354 |
| 005 - FECHA Y HORA DE LA ÚLTIMA TRANSACCIÓN |
| campo de control |
20240516195916.0 |
| 008 - DATOS DE LONGITUD FIJA--INFORMACIÓN GENERAL |
| campo de control de longitud fija |
110126s2000 sp a r 000 | spa d |
| 020 ## - NÚMERO INTERNACIONAL ESTÁNDAR DEL LIBRO |
| Número Internacional Estándar del Libro |
8479531649 |
| 040 ## - FUENTE DE LA CATALOGACIÓN |
| Centro catalogador/agencia de origen |
DO-SdBNP |
| Lengua de catalogación |
spa |
| Centro/agencia transcriptor |
BNPHU |
| 041 17 - CÓDIGO DE LENGUA |
| Código de lengua del texto/banda sonora o título independiente |
eng |
| Código de lengua original |
spa |
| Fuente del código |
Código de idioma MARC |
| 082 ## - NÚMERO DE LA CLASIFICACIÓN DECIMAL DEWEY |
| Número de clasificación |
641.5637 |
| Número de documento/Ítem |
D537n |
| 049 ## - FONDOS LOCALES (OCLC) |
| Fondos de biblioteca |
BNRG |
| 100 1# - ENTRADA PRINCIPAL--NOMBRE DE PERSONA |
| Nombre de persona |
Diamond, Marilyn |
| 9 (RLIN) |
48035 |
| 240 10 - TÍTULO UNIFORME |
| Título uniforme |
Fitonics for life. |
| Lenguaje de la obra |
Español |
| 245 13 - MENCIÓN DE TÍTULO |
| Título |
La nueva antidieta / |
| Mención de responsabilidad, etc. |
Marilyn Diamond, Donald Burton Schnell ; traducción de Rosa Arruti, Natalia Carrero. |
| 260 ## - PUBLICACIÓN, DISTRIBUCIÓN, ETC. |
| Lugar de publicación, distribución, etc. |
Barcelona, (España) : |
| Nombre del editor, distribuidor, etc. |
Ediciones Urano, |
| Fecha de publicación, distribución, etc. |
2000. |
| 300 ## - DESCRIPCIÓN FÍSICA |
| Extensión |
381 p. : |
| Otras características físicas |
il. ; |
| Dimensiones |
23 cm. |
| 534 ## - NOTA SOBRE LA VERSIÓN ORIGINAL |
| Encabezamiento principal del original |
Título original : |
| Mención de título del original |
Fitonics for life. |
| 650 #4 - PUNTO DE ACCESO ADICIONAL DE MATERIA--TÉRMINO DE MATERIA |
| Término de materia o nombre geográfico como elemento de entrada |
Dieta |
| 9 (RLIN) |
30867 |
| 650 #0 - PUNTO DE ACCESO ADICIONAL DE MATERIA--TÉRMINO DE MATERIA |
| Término de materia o nombre geográfico como elemento de entrada |
Gastronomía |
| 9 (RLIN) |
362 |
| 650 #0 - PUNTO DE ACCESO ADICIONAL DE MATERIA--TÉRMINO DE MATERIA |
| Término de materia o nombre geográfico como elemento de entrada |
Nutrición |
| 9 (RLIN) |
12779 |
| 650 #4 - PUNTO DE ACCESO ADICIONAL DE MATERIA--TÉRMINO DE MATERIA |
| Término de materia o nombre geográfico como elemento de entrada |
Hábitos alimenticios |
| 9 (RLIN) |
20094 |
| 700 1# - PUNTO DE ACCESO ADICIONAL--NOMBRE DE PERSONA |
| Nombre de persona |
Schnell, Donald Burton |
| 9 (RLIN) |
49948 |
| 700 1# - PUNTO DE ACCESO ADICIONAL--NOMBRE DE PERSONA |
| Nombre de persona |
Arruti, Rosa, |
| Término indicativo de función/relación |
tr. |
| 9 (RLIN) |
32521 |
| 700 1# - PUNTO DE ACCESO ADICIONAL--NOMBRE DE PERSONA |
| Nombre de persona |
Carrero, Natalia, |
| Término indicativo de función/relación |
tr. |
| 9 (RLIN) |
49949 |